MARC

LEADER 00000nam a22000007a 4500
003 CL-VaPUC
005 20240524094023.0
008 240513t2023 ||||| |||| 00| 0 eng d
999 |c 443733  |d 443731 
020 |a 978-956-6011-01-9 
040 |c Pontificia Universidad Católica de Valparaíso 
082 7 |2 22  |a 727.3 FUN 2023 
110 1 |a Fundación Centro Interuniversitario de las Universidades del Consejo de Rectores de Valparaíso para la Sustentabilidad Territorial. (Chile)  |9 888897 
245 |a Resignificación patrimonial y salvaguarda de los Edificios Fundacionales 1928-1971.   |b Proyecto Fonpat 37788. 
250 |a Primera edición.  
260 |a Valparaíso, Chile:  |b Fundación Centro Interuniversitario de la Universidades del Consejo de Rectores de Valparaíso para la Sustentabilidad Territorial,  |c 2023.  
300 |a 199 páginas :  |b ilustraciones.  
500 |a c.1-2. Donación Rectoría - 10-5-2024  
583 |c 20240513  |k GC 
610 |a Universidad Técnica Federico Santa María   |x Diseño arquitectónico   |x Estudio planimétrico   |9 888898 
610 |a Pontificia Universidad Católica de Valparaíso  |x Diseño arquitectónico  |x Estudio planimétrico  |9 888899 
610 |a Universidad de Valparaíso  |x Diseño arquitectónico  |x Estudio planimétrico  |9 888900 
610 |a Universidad de Playa Ancha   |x Diseño arquitectónico  |x Estudio planimétrico  |9 888901 
650 |a Edificios patrimoniales   |x Universidades   |x Diseño arquitectónico   |z Valparaíso   |9 888902  |y 1928-1971 
700 |a Ayala Veloso, Juan G.  |e investigador   |9 888903 
700 |a Ferrera Herrera, Jorge  |e investigador   |9 888904 
700 |a Lara Aspée, Carlos  |e investigador  |9 888905 
700 |a Muñoz del Campo, Marco A.  |e investigador  |9 888906 
710 |a Ministerio de las culturas, las Artes y el Patrimonio. (Chile)  |b Servicio Nacional de Patrimonio Cultural  |9 888907 
942 |2 ddc  |c BK 
952 |0 0  |1 0  |2 ddc  |4 0  |6 727_300000000000000_FUN_2023  |7 0  |8 X  |9 594558  |a BIBARQ  |b BIBARQ  |d 2024-05-13  |e Donación   |i 5661362  |o 727.3 FUN 2023  |p 5661362  |r 2025-01-20  |t 2  |w 2024-05-13  |y BK_X  |k ARQ